<?xml version="1.0" encoding="UTF-8"?><?xml-stylesheet type="text/xsl" href="static/style.xsl"?><OAI-PMH xmlns="http://www.openarchives.org/OAI/2.0/" xmlns:xsi="http://www.w3.org/2001/XMLSchema-instance" xsi:schemaLocation="http://www.openarchives.org/OAI/2.0/ http://www.openarchives.org/OAI/2.0/OAI-PMH.xsd"><responseDate>2026-05-11T22:52:07Z</responseDate><request verb="GetRecord" identifier="oai:riubu.ubu.es:10259/6657" metadataPrefix="marc">https://riubu.ubu.es/oai/request</request><GetRecord><record><header><identifier>oai:riubu.ubu.es:10259/6657</identifier><datestamp>2022-05-20T13:22:04Z</datestamp><setSpec>com_10259_4244</setSpec><setSpec>com_10259_5086</setSpec><setSpec>com_10259_2604</setSpec><setSpec>col_10259_4569</setSpec></header><metadata><record xmlns="http://www.loc.gov/MARC21/slim" xmlns:doc="http://www.lyncode.com/xoai" xmlns:xsi="http://www.w3.org/2001/XMLSchema-instance" xmlns:dcterms="http://purl.org/dc/terms/" xsi:schemaLocation="http://www.loc.gov/MARC21/slim http://www.loc.gov/standards/marcxml/schema/MARC21slim.xsd">
<leader>00925njm 22002777a 4500</leader>
<datafield tag="042" ind1=" " ind2=" ">
<subfield code="a">dc</subfield>
</datafield>
<datafield tag="720" ind1=" " ind2=" ">
<subfield code="a">Alonso Riaño, Patricia</subfield>
<subfield code="e">author</subfield>
</datafield>
<datafield tag="720" ind1=" " ind2=" ">
<subfield code="a">Melgosa Gómez, Rodrigo</subfield>
<subfield code="e">author</subfield>
</datafield>
<datafield tag="720" ind1=" " ind2=" ">
<subfield code="a">Trigueros Andrés, Ester</subfield>
<subfield code="e">author</subfield>
</datafield>
<datafield tag="720" ind1=" " ind2=" ">
<subfield code="a">Benito Román, Oscar</subfield>
<subfield code="e">author</subfield>
</datafield>
<datafield tag="720" ind1=" " ind2=" ">
<subfield code="a">Illera Gigante, Alba Ester</subfield>
<subfield code="e">author</subfield>
</datafield>
<datafield tag="720" ind1=" " ind2=" ">
<subfield code="a">Beltrán Calvo, Sagrario</subfield>
<subfield code="e">author</subfield>
</datafield>
<datafield tag="720" ind1=" " ind2=" ">
<subfield code="a">Sanz Díez, Mª Teresa</subfield>
<subfield code="e">author</subfield>
</datafield>
<datafield tag="260" ind1=" " ind2=" ">
<subfield code="c">2022</subfield>
</datafield>
<datafield tag="520" ind1=" " ind2=" ">
<subfield code="a">Brewer’s spent grain (BSG) is one of the most important by-products in large and small-&#xd;
scale breweries. BSG is the solid residue generated after mashing and wort filtration&#xd;
&#xd;
process, it is generated at an average rate of 20 kg per 100 L of beer and accounts for&#xd;
approximately 85 % of the total residues of the brewing process [4]. Nowadays, it is&#xd;
mainly used for animal feed (70 %), biogas production (10 %), or landfilled [5].&#xd;
However, BSG presents a valuable chemical composition with a high content of protein&#xd;
and carbohydrates, as well as important quantities of phenolic compounds with potential&#xd;
bioactive properties. BSG also contains non-negligible amount of lipids (5 %) with more&#xd;
than 50 % being linoleic acid (C18:2 ω-6) [6].&#xd;
Due to the valuable chemical composition of BSG, different techniques have been&#xd;
proposed to valorize this lignocellulosic biomass, such as enzymatic and chemical&#xd;
hydrolysis, ultrasound assisted extraction or microwave assisted extraction [7]. High&#xd;
pressure processing of biomass has been also proposed since it offers unique opportunities&#xd;
in the extraction and valorization of the bioactive compounds of BSG. Among the different high-pressure processes, the use of supercritical CO2 (sc-CO2)&#xd;
presents a great attractive since it is considered a green solvent and it presents gas-like&#xd;
(high diffusivities) and liquid-like (good solvation power) properties at supercritical&#xd;
conditions (Tc = 31.1 oC pc= 7.39 MPa). Sc-CO2 has been extensively studied as a green&#xd;
extracting agent over traditional organic solvents to valorize the lipophilic fraction of&#xd;
biomass [8].&#xd;
From a biorefinery perspective and aiming at the integral valorization of BSG, sc-CO2&#xd;
extraction and enzymatic hydrolysis processes have been applied to this by-product. First,&#xd;
the extraction of the lipophilic fraction of BSG with sc-CO2 has been systematically&#xd;
studied. The most influential extraction conditions, namely pressure and temperature,&#xd;
were varied from 20 to 40 MPa and from 313 to 353 K, respectively. A maximum yield&#xd;
of 5.70 ± 0.07 g /100 gBSG was obtained at 353 K and 40 MPa (see Graphical abstract, Fig.&#xd;
a)). High pressures and temperatures resulted in higher content of total phenolic and&#xd;
flavonoids compounds, as well as higher antioxidant capacity.&#xd;
Enzymatic hydrolysis was performed on samples after sc-CO2 treatment and non-treated&#xd;
BSG samples. Enzymatic hydrolysis was carried out at 323 K in an acetate buffer at pH=5&#xd;
with a cellulase, 1,4-(1,3:1,4)-β-D-Glucan 4-glucanohydrolase, EC 3.2.1.4, from&#xd;
Aspergillus niger provided by Sigma-Aldrich.&#xd;
&#xd;
The graphical abstract b) represents the glucose yield along enzymatic hydrolysis for sc-&#xd;
CO2 treated and non-treated BSG at different enzyme concentrations. An improvement of&#xd;
&#xd;
the enzymatic hydrolysis yield by cellulase was observed in the sc-CO2 treated BSG&#xd;
compared to the non-treated. This improvement could be partially attributed to the&#xd;
removal of the lipid fraction and to morphological changes of BSG after sc-CO2. Based&#xd;
on this double benefit, sc-CO2 can play an important role on biomass valorization [8].</subfield>
</datafield>
<datafield tag="024" ind2=" " ind1="8">
<subfield code="a">http://hdl.handle.net/10259/6657</subfield>
</datafield>
<datafield tag="245" ind1="0" ind2="0">
<subfield code="a">Supercritical carbon dioxide extraction of brewer´s spent grain (BSG)</subfield>
</datafield>
</record></metadata></record></GetRecord></OAI-PMH>